000 02822cam a22006134i 4500
003 PE-LiUPU
005 20250731170448.0
008 150706s2008 sp a r 000 0 spa d
020 _a8436821890
020 _a9788436821895
035 _a(Sirsi) i9788436821895
040 _aPE-LiUPU
_bspa
_cPE-LiUPU
_dPE-LiUPU
_erda
049 _aPRUA
082 0 4 _a155.937
_bT
_221
245 0 0 _aTratando. el proceso de duelo y de morir /
_cCordinador, Leila Nomen Martín.
264 1 _aMadrid :
_bPirámide (Grupo Anaya),
_c2008.
300 _a294 páginas :
_bilustraciones ;
_c23 centímetros
336 _atext
_2rdacontent
337 _aunmediated
_2rdamedia
338 _avolume
_2rdacarrier
490 0 _aRecursos terapéuticos
504 _aIncluye bibliografía.
505 0 _aEl profesional -- La posición del profesional y las características específicas de la relación asistencial -- Los procesos comunicativos -- El síndrome de burnout: un aviso para navegantes. Aspectos incipientes y apuntes de farmacología en el duelo. -Los cuidados primarios del duelo (CPD) -- Intervención en crisis en casos de duelo -- Las estrategias de afrontamiento -- El manejo de las emociones (la ira y la tristeza) -- Cogniciones y conductas en el proceso de duelo -- El EMDR en el duelo -- Los grupos de duelo:" Tornar a sonriere", una experiencia práctica -- El acercamiento a la persona en la fase final de su vida y a sus familiares -- Intervención en las fases finales de la vida -- Superación del duelo en víctimas de delitos violentos -- Niños y adolescentes en duelo.
526 _aSEG68
526 _aSEG70
526 _aSEG69
526 _aSEG67
526 _aSEG43
526 _aP144
526 _aP143
526 _aP131
526 _aP122
526 _aP120
526 _aP117
526 _aP112
526 _aP110
526 _aP106
526 _aP101
526 _aP80
526 _aP59
526 _aP54
526 _aP35
526 _aP33
526 _aP30
541 _g001-000794;
650 0 4 _aDuelo.
700 1 _aNomen Martin, Leilia,
_ecoordinador.
910 _agl
_bjv
_cng
_d20091214
942 _2ddc
_cBOOK
949 _aPTF 155.937 T
_wDEWEY
_c1
_i60810
_d2016-5-20
_e2016-5-18
_lCCODEBUL1
_mBUL
_n2
_p20.00
_q1
_r0
_sY
_tBOOK
_u2015-7-6
_xSALUD
_PP54
_0COMPRA
_o.CIRCNOTE. No olvidar cambiar la fecha de devolución!!!!!!!
_o.STAFF. Colección Ciencias de la Salud
994 _aC0
_bPEPRU
596 _a1
999 _aPTF 155.937 T
_wDEWEY
_c50188
_i60810
_d50188
_e2019-6-12
_f2021-11-3
_g5
_lCCODEBUL1
_mBUL
_n6
_p20.00
_q1
_r0
_sY
_tBOOK
_u2015-7-6
_xSALUD
_zUNKNOWN
_0COMPRA
_o.CIRCNOTE. No olvidar cambiar la fecha de devolución!!!!!!!
_o.STAFF. Colección Ciencias de la Salud
980 _81
_gALBERTO SANCHEZ Responsable de Automatización